| 000 | 03981cam a22012974i 4500 | ||
|---|---|---|---|
| 003 | PE-LiUPU | ||
| 005 | 20250813185433.0 | ||
| 008 | 191021s2018 sp a rb 000 0 spa d | ||
| 020 | _a8427724314 | ||
| 020 | _a9788427724310 | ||
| 035 | _a(Sirsi) a252617 | ||
| 040 |
_aPE-LiUPU _bspa _cPE-LiUPU _erda |
||
| 041 | 1 |
_aspa _heng |
|
| 049 | _aPRUA | ||
| 082 | 0 | 4 |
_a370.157 _bC68 _223 |
| 100 | 1 |
_aClapp, Edward P., _eautor. |
|
| 245 | 1 | 3 |
_aLa creatividad como proceso participativo y distribuido : _bimplicación en las aulas / _cEdward P. Clapp ; traducción Félix Menéndez Díaz. |
| 264 | 1 |
_aMadrid : _bNarcea Ediciones, _c2018. |
|
| 300 |
_a199 páginas : _bilustraciones ; _c24 centímetros. |
||
| 336 |
_atext _2rdacontent |
||
| 337 |
_aunmediated _2rdamedia |
||
| 338 |
_avolume _2rdacarrier |
||
| 490 | 0 | _aEducacion hoy. Estudios | |
| 504 | _aBibliografía: páginas 193-199. | ||
| 505 | 0 | _aIntroducción -- Una concepción sistémica de la creatividad -- Un nuevo marco de la creatividad como proceso participativo y distribuido -- La cultura del individualismo y las cinco crisis de la creatividad en educación -- Las ocho barreras para la accesibilidad y la equidad en el aula creativa -- Cómo hacer visible la creatividad. Metodología de la "biografía de una idea" -- Biografía de una idea: biodegradaball -- Biografía de una idea: static fashion -- Creatividad participativa, aprendizaje y desarrollo. | |
| 526 | _aP202 | ||
| 526 | _aP201 | ||
| 526 | _aP163 | ||
| 526 | _aP162 | ||
| 526 | _aP161 | ||
| 526 | _aP160 | ||
| 526 | _aP148 | ||
| 526 | _aP147 | ||
| 526 | _aP146 | ||
| 526 | _aP145 | ||
| 526 | _aP144 | ||
| 526 | _aP143 | ||
| 526 | _aP142 | ||
| 526 | _aP141 | ||
| 526 | _aP140 | ||
| 526 | _aP139 | ||
| 526 | _aP138 | ||
| 526 | _aP137 | ||
| 526 | _aP136 | ||
| 526 | _aP135 | ||
| 526 | _aP134 | ||
| 526 | _aP133 | ||
| 526 | _aP129 | ||
| 526 | _aP128 | ||
| 526 | _aP127 | ||
| 526 | _aP120 | ||
| 526 | _aP119 | ||
| 526 | _aP118 | ||
| 526 | _aP116 | ||
| 526 | _aP115 | ||
| 526 | _aP114 | ||
| 526 | _aP110 | ||
| 526 | _aP109 | ||
| 526 | _aP108 | ||
| 526 | _aP104 | ||
| 526 | _aP103 | ||
| 526 | _aP102 | ||
| 526 | _aP99 | ||
| 526 | _aP98 | ||
| 526 | _aP97 | ||
| 526 | _aP96 | ||
| 526 | _aP95 | ||
| 526 | _aP93 | ||
| 526 | _aP90 | ||
| 526 | _aP89 | ||
| 526 | _aP88 | ||
| 526 | _aP83 | ||
| 526 | _aP82 | ||
| 526 | _aP62 | ||
| 526 | _aP59 | ||
| 526 | _aP58 | ||
| 526 | _aP57 | ||
| 526 | _aP51 | ||
| 526 | _aP49 | ||
| 526 | _aP48 | ||
| 526 | _aP47 | ||
| 526 | _aP29 | ||
| 526 | _aP24 | ||
| 526 | _aP20 | ||
| 526 | _aP19 | ||
| 526 | _aP17 | ||
| 526 | _aP15 | ||
| 526 | _aP14 | ||
| 526 | _aP12 | ||
| 526 | _aP10 | ||
| 526 | _aP09 | ||
| 526 | _aP08 | ||
| 526 | _aP07 | ||
| 526 | _aP06 | ||
| 526 | _aP05 | ||
| 526 | _aP04 | ||
| 526 | _aP01 | ||
| 534 |
_pTítulo original : _tParticipatory creativity. Introducing access and equity to the creative classroom. |
||
| 541 | _g004-000263; | ||
| 541 | _g002-00001663; | ||
| 650 | 0 | 4 | _aCreatividad. |
| 650 | 0 | 4 |
_aPensamiento creativo (Educación). _95107 |
| 700 | 1 |
_aMenéndez Díaz, Félix, _etraductor. |
|
| 910 |
_adbm _bncf _cncf _d20191021 |
||
| 910 |
_adbm _bksl _cksl _d20191028 |
||
| 942 |
_2ddc _cBOOK |
||
| 994 |
_aC0 _bPEPRU |
||
| 596 | _a1 | ||
| 999 |
_a370.157 C68 _wDEWEY _c31848 _i80800 _f2021-11-8 _g3 _lCCODEBUL1 _mBUL _p22.15 _r0 _sY _tBOOK _u2019-10-21 _xEDUCACION _zP59 _0COMPRA _1FCOMPR4 _o.STAFF. Colección Ciencias Humanas y Educación _d31848 |
||
| 999 |
_a370.157 C68 _wDEWEY _c2 _i80866 _f2021-11-8 _g3 _lCCODEBUL1 _mBUL _p22.82 _r0 _sY _tBOOK _u2019-10-28 _xEDUCACION _zP59 _0COMPRA _1FCOMPR4 _o.STAFF. Colección Ciencias Humanas y Educación |
||
| 980 |
_81 _gALBERTO SANCHEZ Responsable de Automatización |
||